| 000 | 00639nam a22001577a 4500 | ||
|---|---|---|---|
| 003 | OSt | ||
| 005 | 20151003161220.0 | ||
| 008 | 151003b xxu||||| |||| 00| 0 eng d | ||
| 040 | _cRUA | ||
| 082 | _aAVM PAO 1998 B071 Or.1 | ||
| 100 |
_91937 _aPAO, NAVY. |
||
| 245 | _aThe prevalence of parasitic and protozoal diseases in buffelo in ratanakiri, កំរិតរាលដាលនៃប៉ារាស៊ីត និងប្រូតូសូអ៊ែរលើសត្វក្របីក្នុងខេត្ដរតនគិរី | ||
| 260 |
_aPhnom Penh _bRUA _c1998 |
||
| 300 |
_a42p. _bill. _c29cm. |
||
| 942 |
_2ddc _cAVM |
||
| 999 |
_c1831 _d1831 |
||